Studies of certain fungi of economic importance in the decay of building timbers, with special reference to the factors which favor their development and dissemination /
Saved in:
| Main Author: | |
|---|---|
| Format: | Book |
| Language: | English |
| Published: |
Washington, D.C. :
U.S. Dept. of Agriculture,
1922.
|
| Series: | Bulletin of the U.S. Department of Agriculture ;
no. 1053. |
| Subjects: | |
| Tags: |
Add Tag
No Tags, Be the first to tag this record!
|
| LEADER | 01029cam a2200265Ia 4500 | ||
|---|---|---|---|
| 001 | 006118544-2 | ||
| 005 | 20020606163548.3 | ||
| 008 | 870914s1922 dcuf b f000 0 eng d | ||
| 035 | 0 | |a ocm16677002 | |
| 040 | |a RQF |c RQF |d AGL |d BOH | ||
| 072 | |a K510 |a F821 |a K001 | ||
| 100 | 1 | |a Snell, Walter H., |q (Walter Henry), |d 1889-1980. | |
| 245 | 1 | 0 | |a Studies of certain fungi of economic importance in the decay of building timbers, with special reference to the factors which favor their development and dissemination / |c by Walter H. Snell. |
| 260 | |a Washington, D.C. : |b U.S. Dept. of Agriculture, |c 1922. | ||
| 300 | |a 47 p., 8 p. of plates ; |c 24 cm. | ||
| 490 | 1 | |a Bulletin / United States Department of Agriculture ; |v no. 1053 | |
| 500 | |a Caption title. | ||
| 500 | |a "May, 1922." | ||
| 500 | |a "Professional paper." | ||
| 504 | |a Bibliography: p. 43-47. | ||
| 650 | 0 | |a Wood-decaying fungi. | |
| 650 | 0 | |a Wood |x Deterioration. | |
| 830 | 0 | |a Bulletin of the U.S. Department of Agriculture ; |v no. 1053. | |
| 988 | |a 20020608 | ||
| 906 | |0 OCLC | ||


